[Event "Berlin Maccabi op"]
[Site "Berlin"]
[Date "2015.08.02"]
[Round "5"]
[White "Paliy, Margaryta"]
[Black "Heifez, Eugen"]
[Result "1/2-1/2"]
[WhiteElo "1673"]
[BlackElo "2202"]
[PlyCount "64"]
[EventDate "2015.07.29"]
[EventType "swiss"]
[EventRounds "7"]
[EventCountry "GER"]
[SourceTitle "CBM 167 Extra"]
[Source "ChessBase"]
[SourceDate "2015.09.14"]
[SourceVersion "1"]
[SourceVersionDate "2015.09.14"]
[SourceQuality "1"]

1. e4 e5 2. Nf3 d6 3. c3 Nf6 4. Bd3 c6 5. Bc2 Bg4 6. d4 Nbd7 7. Bg5 h6 8. Bh4 g5 9. Bg3 Qe7 10. 0-0 Bg7 11. Qd3 Nh5 12. Nbd2 Nf4 13. Bxf4 exf4 14. Nc4 0-0-0 15. Rfe1 Bh5 16. e5 dxe5 17. Nfxe5 Rhe8 18. Qe4 Qf6 19. Qf5 Kc7 20. Nxd7 Rxe1+ 21. Rxe1 Rxd7 22. Qxf6 Bxf6 23. Bf5 Re7 24. Kf1 b5 25. Nd2 Bg6 26. Bxg6 fxg6 27. Rxe7+ Bxe7 28. Ne4 Kd7 29. Ke2 Ke6 30. f3 Kd5 31. Kd3 h5 32. Nf2 a5 1/2-1/2

[Event "Berlin Maccabi op"]
[Site "Berlin"]
[Date "2015.07.30"]
[Round "3"]
[White "Paliy, Margaryta"]
[Black "Petrovski, Igor"]
[Result "0-1"]
[WhiteElo "1673"]
[BlackElo "2191"]
[PlyCount "44"]
[EventDate "2015.07.29"]
[EventType "swiss"]
[EventRounds "7"]
[EventCountry "GER"]
[SourceTitle "CBM 167 Extra"]
[Source "ChessBase"]
[SourceDate "2015.09.14"]
[SourceVersion "1"]
[SourceVersionDate "2015.09.14"]
[SourceQuality "1"]

1. e4 c5 2. c3 Nf6 3. e5 Nd5 4. d4 cxd4 5. cxd4 e6 6. Nc3 Nxc3 7. bxc3 d6 8. f4 dxe5 9. fxe5 Qh4+ 10. Ke2 b6 11. Nf3 Qd8 12. Kf2 Be7 13. Bd3 Bb7 14. Qc2 h5 15. Rf1 Nd7 16. Kg1 Rc8 17. Bg6 Nf8 18. Ng5 fxg6 19. Nf7 Qxd4+ 20. cxd4 Rxc2 21. Nxh8 Rxg2+ 22. Kh1 Rg3+ 0-1

[Event "GER-ch U18 Girls"]
[Site "Magdeburg"]
[Date "2014.06.14"]
[Round "9"]
[White "Tettmann, Ann Kathrin"]
[Black "Paliy, Margaryta"]
[Result "1-0"]
[WhiteElo "1631"]
[BlackElo "1616"]
[PlyCount "63"]
[EventDate "2014.06.08"]
[EventType "swiss"]
[EventRounds "9"]
[EventCountry "GER"]
[SourceTitle "CBM 160 Extra"]
[Source "ChessBase"]
[SourceDate "2014.07.01"]
[SourceVersion "1"]
[SourceVersionDate "2014.07.01"]
[SourceQuality "1"]

1. c4 Nf6 2. g3 e6 3. Bg2 g6 4. Nf3 c5 5. 0-0 Bg7 6. d4 Na6 7. Nc3 0-0 8. e4 d5 9. cxd5 exd5 10. e5 Nd7 11. Nxd5 cxd4 12. Bg5 Qe8 13. Be7 Nxe5 14. Nxe5 Bxe5 15. Re1 Bg7 16. Bxf8 Qxf8 17. Ne7+ Kh8 18. Nxc8 Qxc8 19. Re7 Qc5 20. Rxf7 Rd8 21. Rf3 Nb4 22. a3 Nc6 23. Rc1 Qd6 24. Rd3 Ne5 25. Rxd4 Nf3+ 26. Qxf3 Qxd4 27. Qxb7 Qxb2 28. Qc7 Rf8 29. Qc5 Qf6 30. Qxa7 Rf7 31. Qe3 Qd4 32. Rc8+ 1-0

[Event "GER-ch U18 Girls"]
[Site "Magdeburg"]
[Date "2014.06.11"]
[Round "6"]
[White "Doepper, Anna Berenice"]
[Black "Paliy, Margaryta"]
[Result "0-1"]
[WhiteElo "1646"]
[BlackElo "1616"]
[PlyCount "76"]
[EventDate "2014.06.08"]
[EventType "swiss"]
[EventRounds "9"]
[EventCountry "GER"]
[SourceTitle "CBM 160 Extra"]
[Source "ChessBase"]
[SourceDate "2014.07.01"]
[SourceVersion "1"]
[SourceVersionDate "2014.07.01"]
[SourceQuality "1"]

1. e4 e6 2. d4 d5 3. exd5 exd5 4. Nf3 Bg4 5. c4 Nf6 6. Nc3 Nc6 7. cxd5 Nxd5 8. Bc4 Nb6 9. Bxf7+ Kxf7 10. Ng5+ Qxg5 11. Bxg5 Bxd1 12. Rxd1 Re8+ 13. Ne2 Bb4+ 14. Kf1 Rhf8 15. a3 Bd6 16. Rc1 Kg8 17. f3 Nd5 18. Kf2 Nf4 19. Nxf4 Bxf4 20. Bxf4 Rxf4 21. d5 Nd8 22. Rxc7 Rd4 23. Rc2 Rxd5 24. Re1 Rxe1 25. Kxe1 Nc6 26. Kf2 Kf7 27. Ke3 Kf6 28. f4 h6 29. Rf2 Ne7 30. g4 h5 31. h3 Rb5 32. b4 a5 33. Kd3 axb4 34. Kc4 Rd5 35. axb4 b5+ 36. Kc3 Nc6 37. Ra2 Rd4 38. Ra6 Rc4+ 0-1

[Event "GER-ch U18 Girls"]
[Site "Magdeburg"]
[Date "2014.06.10"]
[Round "4"]
[White "Gast, Antonia"]
[Black "Paliy, Margaryta"]
[Result "1/2-1/2"]
[WhiteElo "1550"]
[BlackElo "1616"]
[PlyCount "53"]
[EventDate "2014.06.08"]
[EventType "swiss"]
[EventRounds "9"]
[EventCountry "GER"]
[SourceTitle "CBM 160 Extra"]
[Source "ChessBase"]
[SourceDate "2014.07.01"]
[SourceVersion "1"]
[SourceVersionDate "2014.07.01"]
[SourceQuality "1"]

1. c4 e5 2. Nc3 Nc6 3. g3 g6 4. Bg2 Bg7 5. e4 d6 6. Nge2 f5 7. d3 Nf6 8. h3 Be6 9. Nd5 Qc8 10. Nec3 0-0 11. exf5 Bxf5 12. g4 Be6 13. Nxf6+ Bxf6 14. 0-0 Ne7 15. Bh6 Bg7 16. Bxg7 Kxg7 17. Qe2 c6 18. Ne4 Qd7 19. Rad1 c5 20. Ng5 Rab8 21. f4 h6 22. Nxe6+ Qxe6 23. fxe5 Rxf1+ 24. Rxf1 Qxe5 25. Qxe5+ dxe5 26. Be4 b6 27. Rf3 1/2-1/2

[Event "GER-ch U16 Girls"]
[Site "Oberhof"]
[Date "2013.05.21"]
[Round "4"]
[White "Paliy, Margaryta"]
[Black "Gazizova, Alina"]
[Result "1-0"]
[WhiteElo "1676"]
[BlackElo "1074"]
[PlyCount "111"]
[EventDate "2013.05.19"]
[EventType "swiss"]
[EventRounds "9"]
[EventCountry "GER"]
[SourceTitle "CBM 154 Extra"]
[Source "ChessBase"]
[SourceDate "2013.06.25"]
[SourceVersion "2"]
[SourceVersionDate "2013.06.25"]
[SourceQuality "1"]

1. e4 c5 2. b3 Nf6 3. Nc3 d6 4. Bb2 a6 5. g3 e6 6. Bg2 Nc6 7. f4 Bd7 8. Nf3 Rb8 9. d4 cxd4 10. Nxd4 Be7 11. Qd2 0-0 12. 0-0-0 e5 13. Nf3 b5 14. Rhe1 Be6 15. Nd5 Bg4 16. Nxf6+ Bxf6 17. Qxd6 Qxd6 18. Rxd6 Bxf3 19. Bxf3 Nd4 20. Bxd4 exd4 21. e5 Bd8 22. Rxd4 Ba5 23. Red1 Bc3 24. Rd6 a5 25. Rc6 Rfc8 26. Rxc8+ Rxc8 27. Rd5 Rb8 28. Be2 h6 29. Bxb5 Be1 30. Kd1 Bf2 31. Ba4 Ra8 32. Rd2 Bb6 33. f5 Rd8 34. Rxd8+ Bxd8 35. e6 fxe6 36. fxe6 Be7 37. Ke2 g5 38. Kf3 Kg7 39. Kg4 Kf6 40. Bd7 Bf8 41. h4 Be7 42. h5 Bb4 43. Kf3 Bd6 44. g4 Ke5 45. Ke3 Bc5+ 46. Kd3 Kf4 47. e7 Bxe7 48. Kd4 Bd8 49. c4 Bf6+ 50. Kd5 Bd8 51. a3 Ke3 52. b4 axb4 53. axb4 Kd3 54. c5 Kc3 55. b5 Kb4 56. b6 1-0

[Event "GER-ch U16 Girls"]
[Site "Oberhof"]
[Date "2013.05.20"]
[Round "3"]
[White "Lemke, Berfin"]
[Black "Paliy, Margaryta"]
[Result "1-0"]
[WhiteElo "1574"]
[BlackElo "1676"]
[PlyCount "103"]
[EventDate "2013.05.19"]
[EventType "swiss"]
[EventRounds "9"]
[EventCountry "GER"]
[SourceTitle "CBM 154 Extra"]
[Source "ChessBase"]
[SourceDate "2013.06.25"]
[SourceVersion "2"]
[SourceVersionDate "2013.06.25"]
[SourceQuality "1"]

1. e4 c6 2. d4 d5 3. Nc3 dxe4 4. Nxe4 Bf5 5. Ng3 Bg6 6. h4 h6 7. h5 Bh7 8. Nf3 Nf6 9. Bd3 Bxd3 10. Qxd3 e6 11. Bd2 c5 12. Ne4 Nxe4 13. Qxe4 Nc6 14. dxc5 Bxc5 15. 0-0-0 Qb6 16. Bc3 Rg8 17. Qh7 Kf8 18. Rd7 Ne7 19. Ne5 Bb4 20. Bxb4 Qxb4 21. Rhd1 Qf4+ 22. Kb1 Re8 23. Rxe7 Kxe7 24. Rd7+ Kf8 25. Rxf7+ Qxf7 26. Nxf7 Kxf7 27. Qg6+ Ke7 28. Qe4 Rd8 29. Qxb7+ Rd7 30. Qb4+ Kf7 31. b3 Rgd8 32. Qf4+ Ke7 33. Qe5 Kf7 34. Qg3 Rd1+ 35. Kb2 R8d2 36. Qg6+ Kf8 37. Qxe6 Rxf2 38. Qc8+ Kf7 39. Qc4+ Ke8 40. Qe4+ Kf7 41. Qc4+ Ke8 42. Qe4+ Kf7 43. Qb7+ Kf6 44. Qc6+ Kf7 45. Qc7+ Kf6 46. Qxa7 Rdd2 47. Qb6+ Ke7 48. Qc7+ Kf6 49. Kc1 Rxg2 50. Qf4+ Ke7 51. Qxd2 Rxd2 52. Kxd2 1-0

[Event "GER-ch U16 Girls"]
[Site "Oberhof"]
[Date "2013.05.19"]
[Round "1"]
[White "Zahn, Alina"]
[Black "Paliy, Margaryta"]
[Result "1-0"]
[WhiteElo "1935"]
[BlackElo "1676"]
[PlyCount "57"]
[EventDate "2013.05.19"]
[EventType "swiss"]
[EventRounds "9"]
[EventCountry "GER"]
[SourceTitle "CBM 154 Extra"]
[Source "ChessBase"]
[SourceDate "2013.06.25"]
[SourceVersion "2"]
[SourceVersionDate "2013.06.25"]
[SourceQuality "1"]

1. e4 e6 2. d4 d5 3. Nc3 dxe4 4. Nxe4 Nd7 5. Bd3 Ngf6 6. Qe2 Nxe4 7. Bxe4 Nf6 8. Bxb7 Rb8 9. Bxc8 Qxc8 10. Nf3 c5 11. c3 Bd6 12. dxc5 Qxc5 13. Be3 Qb5 14. Qxb5+ Rxb5 15. 0-0-0 Bc5 16. Nd4 Rb7 17. Nf5 Bxe3+ 18. Nxe3 0-0 19. f3 Rfb8 20. Rd2 Nd7 21. Rhd1 Nf8 22. b3 a5 23. Rd8 h6 24. Rxb8 Rxb8 25. Rd4 Ng6 26. Ra4 Rc8 27. Nc4 Nf4 28. g3 Rd8 29. gxf4 1-0

[Event "BL2 Ost 1213 (Women)"]
[Site "Germany"]
[Date "2013.03.10"]
[Round "7.5"]
[White "Germann, Heike"]
[Black "Paliy, Margaryta"]
[Result "1-0"]
[WhiteElo "2085"]
[BlackElo "1701"]
[PlyCount "55"]
[EventDate "2012.10.06"]
[EventType "team-tourn"]
[EventRounds "7"]
[EventCountry "GER"]
[SourceTitle "EXT 2018"]
[Source "ChessBase"]
[SourceDate "2017.10.13"]
[SourceVersion "1"]
[SourceVersionDate "2017.10.13"]
[SourceQuality "1"]
[WhiteTeam "Leipzig WBA (W)"]
[BlackTeam "Potsdam USV (W)"]
[WhiteTeamCountry "GER"]
[BlackTeamCountry "GER"]

1. d4 d6 2. c4 Nf6 3. Nc3 c6 4. e4 Nbd7 5. f4 e5 6. Nf3 exd4 7. Qxd4 Nc5 8. Be2 Bg4 9. 0-0 Be7 10. Be3 0-0 11. Rad1 Qc7 12. h3 Bxf3 13. Rxf3 Rad8 14. b4 Na6 15. b5 Nc5 16. g4 Nfd7 17. g5 f6 18. h4 f5 19. exf5 Rxf5 20. Rf2 Rdf8 21. Bg4 R5f7 22. h5 Rd8 23. Bc1 a6 24. Bb2 h6 25. g6 Rf6 26. Ne4 Nxe4 27. Qxe4 d5 28. Qxe7 1-0

[Event "BL2 Ost 1213 (Women)"]
[Site "Germany"]
[Date "2012.10.07"]
[Round "2.5"]
[White "Paliy, Margaryta"]
[Black "Nitzsche, Pia"]
[Result "0-1"]
[WhiteElo "1701"]
[BlackElo "1543"]
[PlyCount "106"]
[EventDate "2012.10.06"]
[EventType "team-tourn"]
[EventRounds "7"]
[EventCountry "GER"]
[SourceTitle "EXT 2018"]
[Source "ChessBase"]
[SourceDate "2017.10.13"]
[SourceVersion "1"]
[SourceVersionDate "2017.10.13"]
[SourceQuality "1"]
[WhiteTeam "Potsdam USV (W)"]
[BlackTeam "Chemnitz Aufbau (W)"]
[WhiteTeamCountry "GER"]
[BlackTeamCountry "GER"]

1. c4 c5 2. Nc3 Nc6 3. Nf3 Nf6 4. d3 g6 5. Bg5 Bg7 6. g3 0-0 7. Bg2 d6 8. 0-0 a6 9. Qd2 Re8 10. Rab1 Rb8 11. b3 Qc7 12. Bxf6 Bxf6 13. Nd5 Qd8 14. Nxf6+ exf6 15. Rfe1 b5 16. e3 Nb4 17. a3 Nc6 18. Qc3 b4 19. axb4 Nxb4 20. d4 Bf5 21. Rbd1 Qb6 22. Nd2 Nc2 23. Rf1 cxd4 24. exd4 Nxd4 25. Bf3 Ne2+ 26. Bxe2 Rxe2 27. Rde1 Rbe8 28. Rxe2 Rxe2 29. Kg2 Qc7 30. Nf3 Be4 31. Qxf6 Qb6 32. Qc3 Rc2 33. Qf6 Qxb3 34. Ra1 Qe3 35. Rf1 a5 36. Qf4 Qd3 37. Re1 Re2 38. Rxe2 Qxe2 39. c5 Qxf3+ 40. Qxf3 Bxf3+ 41. Kxf3 dxc5 42. Ke3 Kg7 43. Kd3 Kf6 44. Kc4 Kg5 45. f3 f5 46. Kxc5 f4 47. Kb5 fxg3 48. hxg3 h5 49. Kxa5 h4 50. gxh4+ Kxh4 51. Kb4 Kg3 52. Kc3 Kxf3 53. Kd3 g5 0-1

[Event "GER-ch U14 Girls"]
[Site "Oberhof"]
[Date "2011.06.18"]
[Round "9"]
[White "Paliy, Margaryta"]
[Black "Krein, Jana"]
[Result "0-1"]
[WhiteElo "1237"]
[BlackElo "1213"]
[PlyCount "106"]
[EventDate "2011.06.11"]
[EventType "swiss"]
[EventRounds "9"]
[EventCountry "GER"]
[SourceTitle "CBM 142 Extra"]
[Source "ChessBase"]
[SourceDate "2011.06.27"]
[SourceVersion "1"]
[SourceVersionDate "2011.06.27"]
[SourceQuality "1"]

1. e4 e5 2. Nf3 Nc6 3. Nc3 Nf6 4. Bb5 a6 5. Bxc6 bxc6 6. Nxe5 Bb7 7. d3 Bc5 8. Nf3 0-0 9. 0-0 Re8 10. Bg5 d6 11. Re1 h6 12. Bh4 Re6 13. d4 Bb6 14. e5 dxe5 15. dxe5 Qxd1 16. Raxd1 Nd5 17. Nxd5 cxd5 18. b3 Rae8 19. h3 Rg6 20. Bg3 Rxg3 21. Nd4 Bxd4 22. Rxd4 Rc3 23. Re2 Re6 24. Kf1 c5 25. Rdd2 a5 26. Ke1 Ba6 27. Re3 Rxe3+ 28. fxe3 Rxe5 29. Kf2 c4 30. Kf3 cxb3 31. cxb3 Rf5+ 32. Kg4 Rg5+ 33. Kf4 Bb7 34. g4 Rg6 35. Rd4 Rf6+ 36. Kg3 Re6 37. Kf4 Re4+ 38. Rxe4 dxe4 39. Ke5 Kf8 40. Kd6 g6 41. Kc7 Ba6 42. Kb6 Bf1 43. Kxa5 Bxh3 44. b4 Bxg4 45. b5 h5 46. b6 Bc8 47. Kb5 Ke8 48. a4 h4 49. a5 h3 50. a6 Kd7 51. b7 Bxb7 52. axb7 Kc7 53. Ka6 Kb8 0-1

[Event "GER-ch U14 Girls"]
[Site "Oberhof"]
[Date "2011.06.17"]
[Round "8"]
[White "Paliy, Margaryta"]
[Black "Rosmait, Emily"]
[Result "0-1"]
[WhiteElo "1237"]
[BlackElo "1253"]
[PlyCount "82"]
[EventDate "2011.06.11"]
[EventType "swiss"]
[EventRounds "9"]
[EventCountry "GER"]
[SourceTitle "CBM 142 Extra"]
[Source "ChessBase"]
[SourceDate "2011.06.27"]
[SourceVersion "1"]
[SourceVersionDate "2011.06.27"]
[SourceQuality "1"]

1. e4 e5 2. Nf3 Nc6 3. Bb5 Nf6 4. Nc3 Bd6 5. Bxc6 dxc6 6. d3 h6 7. h3 0-0 8. 0-0 Be6 9. Be3 Re8 10. Qd2 Qd7 11. Rad1 Nh5 12. Ne2 f5 13. exf5 Bxf5 14. Nh2 Be6 15. f4 exf4 16. Nxf4 Ng3 17. Rf3 Nf5 18. Nxe6 Qxe6 19. Re1 Qe5 20. Ng4 Qe6 21. c3 h5 22. Nf2 Nh4 23. Qe2 Nxf3+ 24. Qxf3 Qd5 25. Qxd5+ cxd5 26. Kf1 Bg3 27. c4 Bxf2 28. Kxf2 Rf8+ 29. Ke2 Rae8 30. cxd5 Rf5 31. d6 cxd6 32. Kd2 Rfe5 33. a3 d5 34. b4 d4 35. Bf2 Rxe1 36. Bxe1 Kf7 37. Bf2 Rd8 38. Kc2 Ke6 39. Kb3 Kd5 40. a4 Rc8 41. Be1 Rc1 0-1

[Event "GER-ch U14 Girls"]
[Site "Oberhof"]
[Date "2011.06.15"]
[Round "6"]
[White "Petermann, Tessa"]
[Black "Paliy, Margaryta"]
[Result "1-0"]
[WhiteElo "1358"]
[BlackElo "1237"]
[PlyCount "47"]
[EventDate "2011.06.11"]
[EventType "swiss"]
[EventRounds "9"]
[EventCountry "GER"]
[SourceTitle "CBM 142 Extra"]
[Source "ChessBase"]
[SourceDate "2011.06.27"]
[SourceVersion "1"]
[SourceVersionDate "2011.06.27"]
[SourceQuality "1"]

1. e4 e5 2. Nf3 Nf6 3. Nc3 Nc6 4. d4 exd4 5. Nxd4 Nxd4 6. Qxd4 d6 7. f3 Be7 8. Be3 0-0 9. Be2 c6 10. 0-0-0 Be6 11. g4 h6 12. g5 hxg5 13. Bxg5 d5 14. exd5 Bxd5 15. Rhg1 Qd6 16. Bh6 c5 17. Rxg7+ Kh8 18. Qh4 Ne8 19. Bg5+ Kxg7 20. Bxe7 Rh8 21. Rg1+ Qg6 22. Rxg6+ fxg6 23. Qg3 Bf7 24. Bxc5 1-0

[Event "GER-ch U14 Girls"]
[Site "Oberhof"]
[Date "2011.06.12"]
[Round "2"]
[White "Siegl, Melina"]
[Black "Paliy, Margaryta"]
[Result "1-0"]
[WhiteElo "1665"]
[BlackElo "1237"]
[PlyCount "105"]
[EventDate "2011.06.11"]
[EventType "swiss"]
[EventRounds "9"]
[EventCountry "GER"]
[SourceTitle "CBM 142 Extra"]
[Source "ChessBase"]
[SourceDate "2011.06.27"]
[SourceVersion "1"]
[SourceVersionDate "2011.06.27"]
[SourceQuality "1"]

1. e4 e5 2. Nf3 Nf6 3. d3 Nc6 4. Nbd2 Bc5 5. Nb3 Bb6 6. h3 0-0 7. Be3 Bxe3 8. fxe3 d6 9. Nfd2 d5 10. exd5 Nxd5 11. Qf3 Ndb4 12. Kd1 Nd5 13. c3 Qf6 14. Qxd5 Rd8 15. Qf3 Qxf3+ 16. gxf3 Be6 17. Kc2 b6 18. Rd1 Rd6 19. Bg2 Rad8 20. Ne4 Bxb3+ 21. axb3 R6d7 22. h4 f5 23. Nf2 Ne7 24. Bh3 g6 25. e4 Rd6 26. Rhg1 fxe4 27. Nxe4 Rc6 28. b4 b5 29. Rg5 Nd5 30. Kb3 Nf4 31. Bf1 Rd5 32. d4 exd4 33. Rxd5 Nxd5 34. Bxb5 Rb6 35. Bc4 c6 36. Rxd4 Kg7 37. Bxd5 cxd5 38. Rxd5 Kh6 39. c4 a6 40. Rd6 Rxd6 41. Nxd6 g5 42. hxg5+ Kxg5 43. c5 h5 44. c6 h4 45. c7 h3 46. c8Q h2 47. Qh3 Kf6 48. Qxh2 Kg6 49. Qe5 Kh6 50. Qg3 Kh7 51. Qg5 Kh8 52. Nf5 Kh7 53. Qg7# 1-0

[Event "Potsdam Christmas 35th"]
[Site "Potsdam"]
[Date "2010.12.27"]
[Round "1.40"]
[White "Brandt, Fred"]
[Black "Paliy, Margaryta"]
[Result "1-0"]
[WhiteElo "1911"]
[BlackElo "1027"]
[PlyCount "111"]
[EventDate "2010.12.27"]
[EventType "swiss"]
[EventRounds "7"]
[EventCountry "GER"]
[SourceTitle "EXT 2022"]
[Source "ChessBase"]
[SourceDate "2021.10.06"]
[SourceVersion "1"]
[SourceVersionDate "2021.10.06"]
[SourceQuality "1"]

1. d4 d5 2. Nf3 Nf6 3. e3 c5 4. c3 Nc6 5. Bd3 Bg4 6. Nbd2 e5 7. dxe5 Nxe5 8. Be2 Bxf3 9. Nxf3 Nxf3+ 10. Bxf3 Be7 11. Qa4+ Qd7 12. Qxd7+ Kxd7 13. 0-0 Rhd8 14. b3 Re8 15. Bb2 Ne4 16. Rad1 Bf6 17. Rd3 c4 18. bxc4 Rac8 19. cxd5 Nxc3 20. e4 Ne2+ 21. Bxe2 Bxb2 22. Rd2 Be5 23. f4 Bc3 24. Rdd1 Rc5 25. Rf3 Rec8 26. Rfd3 Rc4 27. Bf3 Bb4 28. Rb3 Bc5+ 29. Kf1 Rb4 30. Rc1 Rxb3 31. axb3 Kd8 32. Ke2 Bb6 33. Rxc8+ Kxc8 34. e5 Kd7 35. d6 f5 36. Bxb7 g6 37. Kf3 Ke6 38. g4 Bg1 39. h3 h5 40. gxf5+ gxf5 41. Bc8+ Kf7 42. Bxf5 Bb6 43. Ke4 Ke8 44. Bg6+ Kd7 45. Bxh5 Bd8 46. Bg4+ Ke8 47. Kd5 Kf8 48. e6 Ke8 49. Kc6 a6 50. b4 Bf6 51. Bh5+ Kd8 52. e7+ Bxe7 53. dxe7+ Kxe7 54. f5 Kf6 55. Bg4 Ke5 56. Kb6 1-0

[Event "Potsdam Christmas 35th"]
[Site "Potsdam"]
[Date "2010.12.27"]
[Round "2.39"]
[White "Paliy, Margaryta"]
[Black "Haensel, Marvin"]
[Result "0-1"]
[WhiteElo "1027"]
[BlackElo "1743"]
[PlyCount "96"]
[EventDate "2010.12.27"]
[EventType "swiss"]
[EventRounds "7"]
[EventCountry "GER"]
[SourceTitle "EXT 2022"]
[Source "ChessBase"]
[SourceDate "2021.10.06"]
[SourceVersion "1"]
[SourceVersionDate "2021.10.06"]
[SourceQuality "1"]

1. e4 e6 2. Nc3 d5 3. exd5 exd5 4. d4 Nf6 5. Bg5 c6 6. Nf3 Bd6 7. Bd3 0-0 8. 0-0 Bg4 9. Re1 Nbd7 10. h3 Bh5 11. Bf5 Qc7 12. Bxd7 Nxd7 13. Be7 Rfe8 14. Bxd6 Qxd6 15. Qd3 Nb6 16. Re2 Bg6 17. Rae1 Qd7 18. Rxe8+ Rxe8 19. Rxe8+ Qxe8 20. Qe3 Qxe3 21. fxe3 Bxc2 22. Kf2 f6 23. g4 Na4 24. Nxa4 Bxa4 25. g5 Bc2 26. gxf6 gxf6 27. Kg3 Kf7 28. Kf4 Ke6 29. h4 b6 30. b4 Kd6 31. h5 Bd1 32. h6 Ke6 33. e4 dxe4 34. Kxe4 Bxf3+ 35. Kxf3 Kd5 36. Ke3 f5 37. Kf4 Kxd4 38. Kxf5 c5 39. a3 c4 40. Kf6 c3 41. Kg7 c2 42. Kxh7 c1Q 43. Kg7 Qxa3 44. h7 Qh3 45. h8Q Qxh8+ 46. Kxh8 a5 47. bxa5 bxa5 48. Kg7 a4 0-1

[Event "GER-ch U12"]
[Site "Willingen"]
[Date "2009.06.05"]
[Round "9"]
[White "Wagner, Swenja"]
[Black "Paliy, Margaryta"]
[Result "1-0"]
[WhiteElo "833"]
[BlackElo "1047"]
[PlyCount "51"]
[EventDate "2009.05.30"]
[EventType "swiss"]
[EventRounds "11"]
[EventCountry "GER"]
[SourceTitle "EXT 2010"]
[Source "ChessBase"]
[SourceDate "2010.11.25"]
[SourceVersion "1"]
[SourceVersionDate "2010.11.25"]
[SourceQuality "1"]

1. e4 e5 2. Nf3 Nc6 3. Bc4 Bc5 4. c3 Nf6 5. d4 exd4 6. cxd4 Bb4+ 7. Bd2 Bxd2+ 8. Nbxd2 d6 9. 0-0 Bg4 10. Qb3 0-0 11. Qd3 h6 12. e5 dxe5 13. dxe5 Qxd3 14. Bxd3 Nd5 15. Rfe1 Rad8 16. Rad1 Nf4 17. Be4 Nd4 18. h3 Bxf3 19. Nxf3 Nxf3+ 20. Bxf3 Rxd1 21. Rxd1 b6 22. Rd7 Rc8 23. Bb7 Re8 24. Be4 Rxe5 25. Rd8+ Re8 26. Rxe8# 1-0

[Event "GER-ch U12"]
[Site "Willingen"]
[Date "2009.06.03"]
[Round "7"]
[White "Sadjjadi, Anahita"]
[Black "Paliy, Margaryta"]
[Result "0-1"]
[WhiteElo "1010"]
[BlackElo "1047"]
[PlyCount "52"]
[EventDate "2009.05.30"]
[EventType "swiss"]
[EventRounds "11"]
[EventCountry "GER"]
[SourceTitle "EXT 2010"]
[Source "ChessBase"]
[SourceDate "2010.11.25"]
[SourceVersion "1"]
[SourceVersionDate "2010.11.25"]
[SourceQuality "1"]

1. e4 e5 2. Nf3 Nc6 3. Bb5 d6 4. Nc3 Bg4 5. d3 Nf6 6. Bg5 Be7 7. Bxf6 Bxf6 8. Nd5 0-0 9. 0-0 Nd4 10. h3 Nxf3+ 11. gxf3 Bxh3 12. Re1 Bh4 13. f4 exf4 14. Nxf4 Qg5+ 15. Kh2 Qxf4+ 16. Kxh3 Bxf2 17. Qg4 Qh6+ 18. Kg2 Bxe1 19. Rxe1 c6 20. Bc4 Rfe8 21. Rf1 Re7 22. b3 Rd8 23. Qf3 d5 24. exd5 cxd5 25. Bxd5 Qg5+ 26. Qg3 Qxd5+ 0-1

[Event "GER-ch U12"]
[Site "Willingen"]
[Date "2009.06.01"]
[Round "4"]
[White "Paliy, Margaryta"]
[Black "Gassmann, Linda"]
[Result "1-0"]
[WhiteElo "1047"]
[BlackElo "1143"]
[PlyCount "96"]
[EventDate "2009.05.30"]
[EventType "swiss"]
[EventRounds "11"]
[EventCountry "GER"]
[SourceTitle "EXT 2010"]
[Source "ChessBase"]
[SourceDate "2010.11.25"]
[SourceVersion "1"]
[SourceVersionDate "2010.11.25"]
[SourceQuality "1"]

1. e4 e5 2. Nf3 Nc6 3. Nc3 Bb4 4. Bb5 d6 5. d3 Nf6 6. 0-0 Bg4 7. h3 Bh5 8. Bg5 0-0 9. Nd5 a6 10. Bxc6 bxc6 11. Nxb4 c5 12. Nd5 c6 13. Bxf6 gxf6 14. Ne3 h6 15. Nf5 Kh8 16. Nxh6 f5 17. Nxf5 Qf6 18. Re1 Rg8 19. g4 Rae8 20. Kf1 Bg6 21. a4 Bxf5 22. exf5 Qh6 23. Ng1 Kg7 24. Qf3 Rc8 25. a5 f6 26. Ra3 Qd2 27. Re2 Qc1+ 28. Kg2 Qxb2 29. Rb3 Qa2 30. Rb6 Qa4 31. Rxa6 Qb5 32. Ra7+ Kh8 33. Rf7 Rcf8 34. Rxf8 Rxf8 35. c4 Qxa5 36. Qxc6 Qa8 37. Qxa8 Rxa8 38. Rb2 Ra7 39. Rb8+ Kg7 40. Rb6 Rd7 41. Ne2 d5 42. cxd5 Rxd5 43. Rb5 Rxd3 44. Rxc5 Kh6 45. Rc6 Kg5 46. Ng3 Rb3 47. Ne4+ Kf4 48. Nxf6 Rb4 1-0

[Event "GER-ch U12"]
[Site "Willingen"]
[Date "2009.05.30"]
[Round "1"]
[White "Richter, Leonard"]
[Black "Paliy, Margaryta"]
[Result "1-0"]
[WhiteElo "1553"]
[BlackElo "1047"]
[PlyCount "87"]
[EventDate "2009.05.30"]
[EventType "swiss"]
[EventRounds "11"]
[EventCountry "GER"]
[SourceTitle "EXT 2010"]
[Source "ChessBase"]
[SourceDate "2010.11.25"]
[SourceVersion "1"]
[SourceVersionDate "2010.11.25"]
[SourceQuality "1"]

1. e4 e5 2. Nf3 Nc6 3. d4 Bd6 4. d5 Nd4 5. Nxd4 exd4 6. Qxd4 Qf6 7. Qxf6 Nxf6 8. Nc3 Bb4 9. Bd3 0-0 10. 0-0 Bxc3 11. bxc3 d6 12. c4 h6 13. Bb2 Nd7 14. Rae1 Nc5 15. f4 f6 16. e5 fxe5 17. fxe5 Rxf1+ 18. Rxf1 dxe5 19. Bxe5 Nxd3 20. cxd3 Bg4 21. Rb1 b6 22. Bxc7 Be2 23. d6 Kf7 24. d7 Ke7 25. d8Q+ Rxd8 26. Bxd8+ Kxd8 27. Re1 Bxd3 28. Rd1 Kc7 29. Rxd3 a5 30. Rg3 g5 31. Rh3 b5 32. cxb5 Kb6 33. Rxh6+ Kxb5 34. Rh5 Kb4 35. Rxg5 a4 36. h4 Ka3 37. h5 Kxa2 38. h6 a3 39. h7 Kb1 40. h8Q a2 41. Rb5+ Kc2 42. Qb2+ Kd1 43. Qxa2 Ke1 44. Rb1# 1-0

[Event "GER-ch U12"]
[Site "Willingen"]
[Date "2008.05.16"]
[Round "9"]
[White "Hauffen, Franziska"]
[Black "Paliy, Margaryta"]
[Result "1-0"]
[WhiteElo "1143"]
[BlackElo "934"]
[PlyCount "43"]
[EventDate "2008.05.11"]
[EventType "swiss"]
[EventRounds "11"]
[EventCountry "GER"]
[SourceTitle "CBM 124 Extra"]
[Source "ChessBase"]
[SourceDate "2008.07.03"]
[SourceVersion "1"]
[SourceVersionDate "2008.07.03"]
[SourceQuality "1"]

1. e4 e5 2. Nf3 Nc6 3. Bc4 Nf6 4. Ng5 d5 5. exd5 Nxd5 6. 0-0 Qxg5 7. Bxd5 Bh3 8. d3 Qg6 9. Nc3 Ne7 10. Bxb7 Rb8 11. Be4 f5 12. Bf3 Rd8 13. Bh5 Bg4 14. Bxg6+ Nxg6 15. f3 Bxf3 16. Qxf3 f4 17. Qc6+ Rd7 18. d4 exd4 19. Re1+ Ne7 20. Nd5 Kd8 21. Nxe7 Bxe7 22. Qa8# 1-0